000 00379nam a22001577a 4500
003 OSt
005 20211012153718.0
008 211012b |||||||| |||| 00| 0 eng d
020 _a9788173811791
040 _cHU
082 _a330.9
100 _aRoy Prithwish
_912962
245 _aEconomic geography: A Study of Resources
300 _a624P
_bPC
_c25cm
942 _2ddc
_cBOOKS
_n0
999 _c12043
_d12043